Toponymy in a Socialist City - the Cities of Ostrava-Poruba, Havířov and Most

Titel: Toponymy in a Socialist City - the Cities of Ostrava-Poruba, Havířov and Most / Jaroslav David
Verfasser:
In: Onomastica Uralica,
alle Artikel anzeigen
Veröffentlicht: 2018
Format: Aufsatz
Sprache: Englisch
Schriftenreihe/
mehrbändiges Werk:
/v11/j2018/p209-215
Schlagworte:
Kein Bild verfügbar
X
alg: 49456341
001A    $03025:09-05-22 
001B    $01999:09-05-22 $t22:31:28.000 
001D    $03025:09-05-22 
001U    $0utf8 
001X    $00 
002@    $0Oou 
002C    $aText $btxt $2rdacontent 
002D    $aComputermedien $bc $2rdamedia 
002E    $aOnline-Ressource $bcr $2rdacarrier 
003@    $0494563419 
007A    $0494563419 $aHEB 
009Q    $uhttps://mnytud.arts.unideb.hu/onomural/kotetek/ou11/17.pdf $xH 
010@    $aeng 
010E    $erda 
011@    $a2018 
021A    $aToponymy in a Socialist City - the Cities of Ostrava-Poruba, Havířov and Most $hJaroslav David 
028A    $BVerfasser $4aut $7107924770X $8David, Jaroslav$Z1975- [Tp3] $9366685260 
036E    $a/v11/j2018/p209-215 
039B    $aEnthalten in $8--Adx--. Onomastica Uralica. - Debrecen {[u.a.] : Kapitális Bt., 2001-. - ISSN 1586-3719 $9227150791 
044K    $#Poruba $77724660-3 $8Ostrau-Poruba [Tg1] $9228788137 
044K    $#Hawierzów $74328612-4 $8Havířov [Tg1] $9086818198 
044K    $RBrüx $71038249-5 $8Most$gStadt [Tg1] $9042099544 
044K    $RNamenkunde $RFlurnamenforschung $#Toponymy $#Toponymie $#Toponimia $#Toponymie $#Toponomastik $#Ortsnamenforschung $#Historische Ortsnamenforschung $#Ortsname Forschung $#Ortsname Namenkunde $74172891-9 $8Ortsnamenkunde [Ts1] $9085800619 
044K    $RSozialismus $#Staatssozialismus $74182676-0 $8Staatssozialismus [Ts1] $908587972X 
045F    $a417.70943710904 $eDDC23BSB 
045F/01 $a417.7 
045F/03 $f0904 
045F/03 $g4371 
045R    $aGeschichte 1945-2015 

lok: 49456341 78

exp: 49456341 78 1 #EPN
201B/01 $009-05-22 $t09:45:35.000 
201C/01 $009-05-22 
201U/01 $0utf8 
203@/01 $01200910265 
208@/01 $a09-05-22 $be 
209A/01 $a/ $f000 $x00 
209A/01 $ab*p $x01 
209A/01 $aEnglische Zusammenfassung, Seite 215 $x03 
220C/01 $apgar 
244Z/01 $#Böhmische Kronländer $#Länder der Böhmischen Krone $#Sudetenland $#Böhmen $#Mähren $#Mährisch-Schlesien $#Österreichisch-Schlesien $#Tschechische Sozialistische Republik Böhmische Länder $#Tschechei Böhmische Länder $#Země koruny české $74069573-6 $8--Tg1--Böhmische Länder $x01 $9085195553 
247C/01 $82080>Marburg/Lahn, Herder-Institut, Forschungsbibliothek, Bibliographieportal $9336309341
LEADER 00000caa a2200000 c 4500
001 494563419
003 DE-603
005 20220509223128.0
007 cr||||||||||||
008 220509s2018 xx |||| o| u00||u|eng c
035 |a (DE-599)HEB494563419 
040 |a DE-603  |b ger  |c DE-603  |d DE-603  |e rda 
041 |a eng 
082 0 4 |8 1\u  |a 417.70943710904  |q DE-101  |2 23/BSB 
085 |8 1\u  |b 417.7 
085 |8 1\u  |z 1  |s 0904 
085 |8 1\u  |z 2  |s 4371 
100 1 |a David, Jaroslav  |d 1975-  |e Verfasser  |4 aut  |0 (DE-603)366685260  |0 (DE-588)107924770X  |2 gnd 
245 0 0 |a Toponymy in a Socialist City - the Cities of Ostrava-Poruba, Havířov and Most  |c Jaroslav David 
264 0 |c 2018 
336 |a Text  |b txt  |2 rdacontent 
337 |a Computermedien  |b c  |2 rdamedia 
338 |a Online-Ressource  |b cr  |2 rdacarrier 
490 0 |a /v11/j2018/p209-215 
648 7 |a Geschichte 1945-2015  |2 gnd 
650 7 |a Ortsnamenkunde  |0 (DE-588)4172891-9  |0 (DE-603)085800619  |2 gnd 
650 7 |a Staatssozialismus  |0 (DE-588)4182676-0  |0 (DE-603)08587972X  |2 gnd 
651 7 |a Ostrau-Poruba  |0 (DE-588)7724660-3  |0 (DE-603)228788137  |2 gnd 
651 7 |a Havířov  |0 (DE-588)4328612-4  |0 (DE-603)086818198  |2 gnd 
651 7 |a Most  |g Stadt  |0 (DE-588)1038249-5  |0 (DE-603)042099544  |2 gnd 
773 0 8 |i Enthalten in  |t Onomastica Uralica  |d Debrecen ˜[u.a.] œ: Kapitális Bt., 2001-  |x 1586-3719  |w (DE-603)227150791  |w (DE-600)2076140-5 
856 |u https://mnytud.arts.unideb.hu/onomural/kotetek/ou11/17.pdf  |x Verlag 
924 1 |9 2080  |a (DE-603)1200910265  |b DE-2080  |c HES  |d d  |g /